LEADER 03851nam 2200685 450 001 9910455520203321 005 20200520144314.0 010 $a1-282-02877-4 010 $a9786612028779 010 $a1-4426-7685-X 024 7 $a10.3138/9781442676855 035 $a(CKB)2420000000004168 035 $a(EBL)3250451 035 $a(SSID)ssj0000302055 035 $a(PQKBManifestationID)11236812 035 $a(PQKBTitleCode)TC0000302055 035 $a(PQKBWorkID)10265335 035 $a(PQKB)11219234 035 $a(CaPaEBR)417869 035 $a(CaBNvSL)thg00600573 035 $a(MiAaPQ)EBC3250451 035 $a(MiAaPQ)EBC4671688 035 $a(DE-B1597)464624 035 $a(OCoLC)944177740 035 $a(DE-B1597)9781442676855 035 $a(Au-PeEL)EBL4671688 035 $a(CaPaEBR)ebr11257390 035 $a(CaONFJC)MIL202877 035 $a(OCoLC)958513828 035 $a(EXLCZ)992420000000004168 100 $a20160922h19991999 uy 0 101 0 $aeng 135 $aur|n|---||||| 181 $ctxt 182 $cc 183 $acr 200 00$aLuigi Pirandello $econtemporary perspectives /$fedited by Gian-Paolo Biasin and Manuela Gieri 210 1$aToronto, [Ontario] ;$aBuffalo, [New York] ;$aLondon, [England] :$cUniversity of Toronto Press,$d1999. 210 4$d©1999 215 $a1 online resource (247 p.) 225 1 $aMajor Italian Authors 300 $aDescription based upon print version of record. 311 $a0-8020-4387-9 320 $aIncludes bibliographical references. 327 $tFrontmatter -- $tContents -- $tAcknowledgments -- $tContributors -- $t1. Pirandello at 360 Degrees -- $t2. Scenes and Texts: Perspectives in Pirandellian Criticism -- $t3. Pirandello?s Quest for Truth: Sei personaggi in cerca d'autore -- $t4. Pirandello and the Theatre-within-the- Theatre: Thresholds and Frames in Ciascuno a suo modo -- $t5. Families of Characters and Families of Actors on the Pirandellian Stage -- $t6. The Making and Unmaking of Language: The Rhetoric of Speech and Silence -- $t7. Laughter and Political Allegory in Pirandello: A Reading of ?C?è qualcuno che ride? -- $t8. Pirandellian Nakedness -- $t9. Eros and Solitude in Pirandello's Short Stories -- $t10. Enacting the Dissolution of the Self: Woman as One, No One, and One Hundred Thousand -- $t11. Regicide, Parricide, and Tyrannicide in Il fu Mattia Pascal: Stealing from the Father to Give to the Son -- $t12. Pirandello in the Discursive Economies of Modernity and Postmodernism 330 $aThe texts of Luigi Pirandello, one of the literary giants of this century, have been subject to widely different readings by successive generations of critics. These essays present an up-to-date re-evaluation of Pirandello's works, which include poetry, novels, short stories, plays, essays, letters, and memoirs.Arranged in four sections - Introduction, Structures, Meanings, and Innovations - the volume presents a variety of provocative viewpoints and offers an accurate picture of the network of issues inhabiting the author's oeuvre. In the introductory section the editors provide an informative overview of the status of Pirandellian studies today. The book examines the recent upsurge of interest in Pirandello and offers outstanding material for courses in Italian studies, comparative studies, theatre, and the humanities. 410 0$aMajor Italian authors. 606 $aLITERARY CRITICISM / European / General$2bisacsh 608 $aElectronic books. 615 7$aLITERARY CRITICISM / European / General. 676 $a852/.912 702 $aBiasin$b Gian-Paolo 702 $aGieri$b Manuela 801 0$bMiAaPQ 801 1$bMiAaPQ 801 2$bMiAaPQ 906 $aBOOK 912 $a9910455520203321 996 $aLuigi Pirandello$9131022 997 $aUNINA LEADER 01735nas 22005173a 450 001 996206943203316 005 20240413014505.0 035 $a(CKB)1000000000694191 035 $a(CONSER)cn2004890014 035 $a(EXLCZ)991000000000694191 100 $a20030715a20029999 --- b 101 0 $afre 181 $ctxt$2rdacontent/fre 182 $cc$2rdamedia/fre 200 10$aRapport annuel /$fLa Financière agricole du Québec 210 $aQuébec $cLa Financière$d2002- 215 $a1 online resource 300 $aTitre pris sur la couv. 311 $aPrint version: Rapport annuel / (DLC)cn2004890014 (OCoLC)52613134 1711-0254 531 0 $aRqapp. annu. 606 $aAgricultural subsidies 606 $aAgricultural subsidies$zQuébec (Province)$vPeriodicals 606 $aAide de l'État à l'agriculture$zQuébec (Province)$vPériodiques 606 $aAide de l'État à l'agriculture 606 $aAgricultural subsidies$2fast$3(OCoLC)fst00801299 606 $aAide gouvernementale$2rasuqam 606 $aAgriculture$2rasuqam 607 $aQuébec$2fast 607 $aQuébec (Province)$2rasuqam 608 $aGovernment Publication 608 $apublic records.$2aat 608 $aPeriodicals.$2fast 608 $aPublications officielles.$2rvmgf 615 0$aAgricultural subsidies. 615 0$aAgricultural subsidies 615 6$aAide de l'État à l'agriculture 615 6$aAide de l'État à l'agriculture. 615 7$aAgricultural subsidies. 615 7$aAide gouvernementale. 615 7$aAgriculture. 676 $a354.5 906 $aJOURNAL 912 $a996206943203316 920 $aexl_impl conversion 996 $aRapport annuel$9790449 997 $aUNISA